Vorlesungen über Die Naturlehre Für Leser, Denen Es an Mathematischen Vorkenntnissen Fehlt.

Bibliographic Details
Main Author: Brandes, H. W.
Other Authors: Michaelis, W. J. H. [Bearb. ].
Format: eBook
Language:German
Published: Berlin/Boston : Walter de Gruyter GmbH, 1844.
Edition:2nd ed.
Subjects:
Online Access:Click to View
LEADER 01531nam a22003493i 4500
001 EBC7014989
003 MiAaPQ
005 20240729202203.0
006 m o d |
007 cr cnu||||||||
008 240729s1844 xx o ||||0 ger d
020 |a 9783111476513  |q (electronic bk.) 
035 |a (MiAaPQ)EBC7014989 
035 |a (Au-PeEL)EBL7014989 
035 |a (OCoLC)1260161036 
040 |a MiAaPQ  |b eng  |e rda  |e pn  |c MiAaPQ  |d MiAaPQ 
100 1 |a Brandes, H. W. 
245 1 0 |a Vorlesungen über Die Naturlehre Für Leser, Denen Es an Mathematischen Vorkenntnissen Fehlt. 
250 |a 2nd ed. 
264 1 |a Berlin/Boston :  |b Walter de Gruyter GmbH,  |c 1844. 
264 4 |c {copy}1844. 
300 |a 1 online resource (1028 pages) 
336 |a text  |b txt  |2 rdacontent 
337 |a computer  |b c  |2 rdamedia 
338 |a online resource  |b cr  |2 rdacarrier 
588 |a Description based on publisher supplied metadata and other sources. 
590 |a Electronic reproduction. Ann Arbor, Michigan : ProQuest Ebook Central, 2024. Available via World Wide Web. Access may be limited to ProQuest Ebook Central affiliated libraries.  
655 4 |a Electronic books. 
700 1 |a Michaelis, W. J. H. [Bearb. ]. 
776 0 8 |i Print version:  |a Brandes, H. W.  |t Vorlesungen über Die Naturlehre Für Leser, Denen Es an Mathematischen Vorkenntnissen Fehlt  |d Berlin/Boston : Walter de Gruyter GmbH,c1844 
797 2 |a ProQuest (Firm) 
856 4 0 |u https://ebookcentral.proquest.com/lib/matrademy/detail.action?docID=7014989  |z Click to View